Lepidópteros de interés agrícola; orugas, isocas y otra larvas que dañan a los cultivos /

Guardado en:
Autor Principal: Margheritis, Aurelio E.
Otros Autores: Rizzo Horacio F E
Formato: Libro
Publicado: Buenos Aires : Sudamericana, 1965
Materias:
Etiquetas: Agregar Etiqueta
Sin Etiquetas, Sea el primero en etiquetar este registro!
LEADER 00787nam a22002415a 4500
001 CEM.cems004156
008 130507s1965##################000#0#####d
005 20210907173942.0
003 CEMS
245 1 0 |a Lepidópteros de interés agrícola; orugas, isocas y otra larvas que dañan a los cultivos / 
260 |a Buenos Aires :  |b Sudamericana,  |c 1965 
300 |a 197 p. 
505 0 |a Generalidades sobre  caros.-Morfolog¡a externa.- 
100 1 |a Margheritis, Aurelio E. 
700 1 |a Rizzo Horacio F E 
082 0 4 |a 595.78 
653 |a Isocas 
653 |a Lepidopteros 
653 |a Orugas 
653 |a Plagas agricolas 
653 |a Zoologia 
859 |a CEMS  |b BIB. CEMS - Agricultura  |h 595.78  |i M336  |p A16003.90  |t Ej.1 
859 |a CEMS  |b BIB. CEMS - Agricultura  |h 595.78  |i M336  |p A0031.00  |t Ej.2